000 00810cam a22002294a 4500
005 20250804123114.0
008 250528s ||||||||||||||||||||||||d
035 _a15918
020 _a1853960594
040 _aGR-AtMCL
_bgre
_dGR-AtMCL
_eAACR2
245 1 _aSystems, Management and Change / A Graphic Guide
260 _bPaul Chapman Publishing,
_c1988
300 _a120
520 _aThis book presents an introduction to organizational analysis and change in a lively pictorial and concise style. Introduction, Analysis, Inventive Search, Groundwork, Implementation, Further Reading, Glossary, Index.
700 1 _aMartin, John C.
_91087
700 1 _aMayblin Bill
_91948
700 1 _aMunday Michael
_91949
700 1 _aRuth Carter
_91950
942 _cBK
999 _c1466
_d1466